<?xml version="1.0" encoding="UTF-8"?>
<record
    xmlns:xsi="http://www.w3.org/2001/XMLSchema-instance"
    xsi:schemaLocation="http://www.loc.gov/MARC21/slim http://www.loc.gov/standards/marcxml/schema/MARC21slim.xsd"
    xmlns="http://www.loc.gov/MARC21/slim">

  <leader>00815nam a22001937a 4500</leader>
  <datafield tag="999" ind1=" " ind2=" ">
    <subfield code="c">171035</subfield>
    <subfield code="d">171035</subfield>
  </datafield>
  <controlfield tag="005">20200103124255.0</controlfield>
  <datafield tag="010" ind1=" " ind2=" ">
    <subfield code="a">A-304665</subfield>
  </datafield>
  <datafield tag="020" ind1=" " ind2=" ">
    <subfield code="c">60.00</subfield>
    <subfield code="a">-</subfield>
  </datafield>
  <datafield tag="035" ind1=" " ind2=" ">
    <subfield code="a">A-304665</subfield>
  </datafield>
  <datafield tag="037" ind1=" " ind2=" ">
    <subfield code="b">BPPD</subfield>
  </datafield>
  <datafield tag="082" ind1=" " ind2=" ">
    <subfield code="a">841.04           </subfield>
  </datafield>
  <datafield tag="100" ind1=" " ind2=" ">
    <subfield code="a">&#x6AF;&#x648; &#x67E;&#x6CC; &#x686;&#x646;&#x62F; &#x646;&#x627; &#x631; &#x646;&#x6AF;</subfield>
  </datafield>
  <datafield tag="245" ind1=" " ind2=" ">
    <subfield code="a">&#x627; &#x645;&#x64A;&#x631; &#x62E;&#x633;&#x631; &#x648; &#x6A9;&#x627; &#x6C1;&#x646;&#x62F; &#x648; &#x6CC; &#x6A9;&#x644;&#x627; &#x645; &#x646;&#x633;&#x62E;&#x6C1;&#x621; &#x628;&#x631; &#x644;&#x646; &#x630; &#x62E;&#x64A;&#x631; &#x6C1;&#x621;&#x627; &#x634;&#x67E;&#x631; &#x646;&#x6AF;&#x631; </subfield>
    <subfield code="c">&#x6AF;&#x648; &#x67E;&#x6CC; &#x686;&#x646;&#x62F; &#x646;&#x627; &#x631; &#x646;&#x6AF;</subfield>
  </datafield>
  <datafield tag="246" ind1=" " ind2=" ">
    <subfield code="a">Ameer Khusru Ka Hindvi Kalam Nuskha-e-Barlan Zakhira-e-Ishpar Nagar (Urdu)</subfield>
    <subfield code="b">by Gopi Chand Narang </subfield>
  </datafield>
  <datafield tag="260" ind1=" " ind2=" ">
    <subfield code="a">U.S.A.</subfield>
    <subfield code="c">1960 &#x621; </subfield>
    <subfield code="b">Amir Khusro Society of America                                   </subfield>
  </datafield>
  <datafield tag="270" ind1=" " ind2=" ">
    <subfield code="b">Shikago</subfield>
    <subfield code="k">-</subfield>
    <subfield code="e">110006</subfield>
    <subfield code="a">Educational Pub.House 3108,Kucha Pandit Lal Kuan Delhi-6</subfield>
  </datafield>
  <datafield tag="300" ind1=" " ind2=" ">
    <subfield code="a">171 &#x635;</subfield>
    <subfield code="c">22 cm(hb)</subfield>
  </datafield>
  <datafield tag="942" ind1=" " ind2=" ">
    <subfield code="2">ddc</subfield>
    <subfield code="c">UR</subfield>
    <subfield code="h">841.04</subfield>
    <subfield code="m">&#x627; &#x645; &#x6CC; </subfield>
  </datafield>
</record>
